| 000 | 00602nam a22002057a 4500 | ||
|---|---|---|---|
| 003 | OSt | ||
| 005 | 20140310181735.0 | ||
| 008 | 130319t xxu||||| |||| 00| 0 eng d | ||
| 020 | _a9715145698 | ||
| 050 |
_aBV1475.9 _b2005 |
||
| 082 |
_aBV1475.9 _b2005 |
||
| 245 |
_aEncountering Christ : New Testament _cMariarina M. Ramos-Concepcion ; Josephina M. Munsayac, coordinator ; Ma. Christina A. Astorga, editor |
||
| 260 |
_aQuezon City _bFNB Educational _c2005 |
||
| 300 |
_a291 p. _c26 cm |
||
| 521 | _aTeachers | ||
| 541 | _j1 | ||
| 541 | _j1 | ||
| 562 | _e2 | ||
| 942 |
_2lcc _cBK-TR _kTR |
||
| 999 |
_c2529 _d2529 |
||